Datum a čas kvízu
30.5
Celkem bodů
Celkový počet nahraných bodů na tomto kvízu bez doplňovacích otázek.
5.
Pořadí na kvízu
Konečné umístění týmu na tomto kvízu.
Zaznamenané odpovědi
# | Otázka | Odpověď | Body | Výsledky |
---|---|---|---|---|
1. | Vůz Škoda 1200 z roku 1955, pr... | Jandera | 1 | |
2. | Aukční síň Freeman’s-Hindman u... | Abraham Lincoln | 1 | |
3. | V pondělí nalezli francouzští... | Jim Morrison | 1 | |
4. | Při úklidu ve sklepeních Minis... | Edvard Beneš | 1 | |
5. | Jak se nazývá klub, který se v... | Tottenham (Hotspur) | 0 | |
6. | V tomto tématu se podíváme na... | Robert Kennedy | 1 | |
7. | Podívejte se pozorně na tvář t... | Watson | 0 | |
8. | Tentokrát nás zajímá příjmení... | Hana Brejchová; Lásky jedné plavovlásky | 1 | |
9. | Jak se jmenuje tento muž? Tent... | Etzler; novinář | 1 | |
10. | Napište jméno i příjmení této... | Kristýna Plíšková; Dávid Hancko | 0 |